Регионална библиотека "Любен Каравелов" - Русе

Сбогуване (Запис номер 527105)

MARC детайли
000 -Лидер
Лидер 01110nam a2200289 a 4500
003 - Код на организацията, давaща контролен номер
Код на организацията, даваща контролен номер BLK
005 - Дата и час на последна редакция
Дата и час на последна редакция 20250214125837.0
008 - Елементи от данни с фиксирана дължина
Елементи с фиксирана дължина 180408b bul|||||r ||||||| ||bul||
020 ## - Международен стандартен номер на книга ISBN
ISBN 9786191869220
040 ## - Източник на каталожния запис
Код на библиотеката BLK
041 ## - Код за език
Език Български
Език за КДБФ Български
080 ## - УДК
УДК текст Еврейска литература на иврит. Вж и 830-088
УДК код 821.411.16
УДК – определител -31
УДК – код + определител 821.411.16-31
9 (RLIN) 230764
084 ## - Класификационен индекс по друга класификация
Авторски знак Алб - А 47
100 ## - Редна дума - Автор
Автор Албалах, Нога
R(LIN) 497466
245 ## - Сведения за заглавието
Заглавие Сбогуване
Подзаглавни данни роман
Авторска отговорност Нога Албалах ; прев. от иврит Емилия Юлзари.
257 ## - Страна на издаване
Страна на създаване/издаване Израел
260 ## - Област на издателските данни
Място на издаване Пловдив
Име на издателя Жанет 45
Година на издаване 2024
9 (RLIN) 209682
300 ## - Физическа характеристика
Брой страници 126 с.
Размер 20 см
380 ## - Жанр
Жанр Худож. лит.
490 ## - СЕРИИ (Колекции)
9 (RLIN) 204090
Серия Поредица Отвъд
ISSN на серия C625-7801
500 ## - Общи забележки
Обща забележка Ориг. загл.: The old man (Farewell) / Noga Albalach. - За авт., прев.: с. 1-2
700 ## - Други автори (авторска отговорност)
Друг автор Юлзари, Емилия Матеева
9 (RLIN) 329471
Авт. отговорност на др. автор прев. от иврит
852 ## - Местоположение
Сигнатура (форматна) Цб 326433
Отдел Хранилище
942 ## - АРТИКУЛИ
Вид на библиотечния документ Книги
Скрит в OPAC Не
944 ## - СЪЗДАВАНЕ И РЕДАКЦИЯ на ЗАПИСА
Създаване/Редакция
Дата на регистрацията/редакция Севдалина Тодорова
Служител, извършил регистрацията/редакцията 30540
Номер на служител Севдалина Тодорова
999 ## - СИСТЕМНИ КОНТРОЛНИ НОМЕРА
Koha biblionumber 527105
Koha biblioitemnumber 527105
Наличности
Код за отписване Код за изгубен артикул Източник на класификационната схема Код за повреда Коз за рестрикции Код за отдаване Артикулен № Име на библиотеката - собственик Име на библиотеката, в която се намира в момента Статус (Текущо местоположение) Дата на вписване в системата Местоположение - отдел Цена в лева Инвентарен номер Систематично азбучна сигнатура Баркод Цена в евро Служебен тип на артикула
  Не е изгубен Universal Decimal Classification Не е повреден само за читалня ползва се в читалня 961141 Регионална библиотека "Любен Каравелов" Русе Регионална библиотека "Любен Каравелов" Русе Хранилище 2025-02-17 Хранилище 18.00 120000918168 Цб 326433 120000918168 9.20 Книги
Vip Innovations Ltd, Rousse, Bulgaria 2025